000 00265nam a2200121Ia 4500
008 190216s9999||||xx |||||||||||||| ||und||
100 _aNull
245 0 _aScience Nigandu
260 _bKerala Basha Inst
_c1975
300 _a403p
650 _aPhysics
942 _cBK
999 _c37850
_d37850